00717nam a22002057a 450000500170000001000140001702000260003103500130005703700130007008200110008310000330009424500500012726000390017727000620021630000240027850000410030294200250034399900170036895201260038520100726125153.0 aENG-96924 a9788189337416c650.00 aEN-80457 bDBAD/PUB a331.40 aMujawar, Wasiyoddin R.91456 aChild laboer problem /cWasiyoddin R. Mujawar aNew Delhi bArise Publishersc2008 a4648/1, 21, Ansari Road, Darya Gang, bNew Delhi e110002 avii, 245 p. c24cm  aIncludes bibliographical references  2ddccENh331.40mMUJ c37699d37699 001040718NFICaDBADbDBADd2010-07-26g650.00l0o331.40 MUJpEN-80457r2010-07-26 00:00:00t1v650.00w2010-07-26yEN